| 000 | 00893nam a22002417a 4500 | ||
|---|---|---|---|
| 005 | 20100813142658.0 | ||
| 010 | _aENG-99892 | ||
| 020 |
_a8131412649 _c382.00 |
||
| 020 |
_a9788131412640 _c382.00 |
||
| 035 | _a83424 | ||
| 037 | _bDBAD/PUB | ||
| 082 | _a331.13795431 | ||
| 245 |
_aGlobalization : _cedited by Preeti Phuskele _bimpact and implications / |
||
| 260 |
_aHyderabad _bThe Icfai University Press _c2008 |
||
| 270 |
_a52, Nagarjuna Hills Punjagutta _bHuderabad _e500082 |
||
| 300 |
_aix, 270p. _c23cm (pbk) |
||
| 500 | _aincludes index | ||
| 650 |
_aGlobalization _xEconomic aspects _912747 |
||
| 650 |
_aInternational trade _912748 |
||
| 700 |
_aPhuskele, Preeti _912735 |
||
| 942 |
_2ddc _cEN _h331.13795431 _mGLO |
||
| 999 |
_c41651 _d41651 |
||